5HLuxD.jpg

KING HENRY VIII SENIOR AND PRIMARY SCHOOL LIBRARY OPAC

The underground railroad : (Record no. 3805)

000 -LEADER
fixed length control field 03054cam a2200373 i 4500
003 - CONTROL NUMBER IDENTIFIER
control field OSt
005 - DATE AND TIME OF LATEST TRANSACTION
control field 20241030101718.0
008 - FIXED-LENGTH DATA ELEMENTS--GENERAL INFORMATION
fixed length control field 160819s2016 nyu e 000 1 eng d
010 ## - LIBRARY OF CONGRESS CONTROL NUMBER
LC control number 2016000643
020 ## - INTERNATIONAL STANDARD BOOK NUMBER
International Standard Book Number 9780349726809
035 ## - SYSTEM CONTROL NUMBER
System control number (OCoLC)933420484
040 ## - CATALOGING SOURCE
Original cataloging agency DLC
Language of cataloging eng
Description conventions rda
Transcribing agency DLC
Modifying agency YDXCP
-- BTCTA
-- BDX
-- OCLCF
-- OCLCO
-- OI6
-- OCLCQ
-- OCL
-- OCLCO
-- ILC
-- SFR
-- CaOL
-- KH8
082 ## - DEWEY DECIMAL CLASSIFICATION NUMBER
Classification number 813.6 WHI
100 1# - MAIN ENTRY--PERSONAL NAME
Personal name Whitehead, Colson,
Dates associated with a name 1969-,
Relator term author.
245 14 - TITLE STATEMENT
Title The underground railroad :
Remainder of title a novel /
Statement of responsibility, etc. Colson Whitehead.
250 ## - EDITION STATEMENT
Edition statement First edition.
264 #1 - PRODUCTION, PUBLICATION, DISTRIBUTION, MANUFACTURE, AND COPYRIGHT NOTICE
Place of production, publication, distribution, manufacture New York :
Name of producer, publisher, distributor, manufacturer Doubleday,
Date of production, publication, distribution, manufacture, or copyright notice [2016].
300 ## - PHYSICAL DESCRIPTION
Extent 306 pages ;
Dimensions 25 cm.
336 ## - CONTENT TYPE
Content type term text
Content type code txt
Source rdacontent.
337 ## - MEDIA TYPE
Media type term unmediated
Media type code n
Source rdamedia.
338 ## - CARRIER TYPE
Carrier type term volume
Carrier type code nc
Source rdacarrier.
520 ## - SUMMARY, ETC.
Summary, etc. A magnificent tour de force chronicling a young slave's adventures as she makes a desperate bid for freedom in the antebellum South.
520 ## - SUMMARY, ETC.
Summary, etc. "Cora is a slave on a cotton plantation in Georgia. Life is hell for all the slaves, but especially bad for Cora; an outcast even among her fellow Africans, she is coming into womanhood--where even greater pain awaits. When Caesar, a recent arrival from Virginia, tells her about the Underground Railroad, they decide to take a terrifying risk and escape. Matters do not go as planned--Cora kills a young white boy who tries to capture her. Though they manage to find a station and head north, they are being hunted. In Whitehead's ingenious conception, the Underground Railroad is no mere metaphor--engineers and conductors operate a secret network of tracks and tunnels beneath the Southern soil. Cora and Caesar's first stop is South Carolina, in a city that initially seems like a haven. But the city's placid surface masks an insidious scheme designed for its black denizens. And even worse: Ridgeway, the relentless slave catcher, is close on their heels. Forced to flee again, Cora embarks on a harrowing flight, state by state, seeking true freedom. Like the protagonist of Gulliver's Travels, Cora encounters different worlds at each stage of her journey--hers is an odyssey through time as well as space. As Whitehead brilliantly re-creates the unique terrors for black people in the pre-Civil War era, his narrative seamlessly weaves the saga of America from the brutal importation of Africans to the unfulfilled promises of the present day. The Underground Railroad is at once a kinetic adventure tale of one woman's ferocious will to escape the horrors of bondage and a shattering, powerful meditation on the history we all share."--From publisher.
586 ## - AWARDS NOTE
Awards note 2016 National Book Award for Fiction (U.S.)
586 ## - AWARDS NOTE
Awards note 2017 Andrew Carnegie Medal for Fiction.
586 ## - AWARDS NOTE
Awards note 2017 Arthur C. Clarke Award.
650 #0 - SUBJECT ADDED ENTRY--TOPICAL TERM
Topical term or geographic name entry element Underground Railroad
Form subdivision Fiction.
650 #0 - SUBJECT ADDED ENTRY--TOPICAL TERM
Topical term or geographic name entry element Fugitive enslaved persons
Geographic subdivision United States
Form subdivision Fiction.
650 #0 - SUBJECT ADDED ENTRY--TOPICAL TERM
Topical term or geographic name entry element Enslavement
Form subdivision Fiction.
650 #7 - SUBJECT ADDED ENTRY--TOPICAL TERM
Topical term or geographic name entry element Historical fiction
Source of heading or term genre.
651 #0 - SUBJECT ADDED ENTRY--GEOGRAPHIC NAME
Geographic name United States
General subdivision History
Chronological subdivision 19th century
Form subdivision Fiction.
651 #0 - SUBJECT ADDED ENTRY--GEOGRAPHIC NAME
Geographic name Southern States
Form subdivision Fiction.
942 ## - ADDED ENTRY ELEMENTS (KOHA)
Source of classification or shelving scheme
Koha item type Class Set Novel
Holdings
Withdrawn status Lost status Source of classification or shelving scheme Damaged status Not for loan Collection code Permanent Location Current Location Shelving location Date acquired Total Checkouts Full call number Barcode Date due Date last seen Date last checked out Copy number Price effective from Koha item type
          Teaching Resources KH8 Senior School Library KH8 Senior School Library Staff Office 2024-10-30 2 813.6 WHI CSKHSL000231 2026-07-03 2025-11-14 2025-11-14 1 2024-10-30 Class Set Novel
          Teaching Resources KH8 Senior School Library KH8 Senior School Library Staff Office 2024-10-30 1 813.6 WHI CSKHSL000232   2025-07-15 2024-11-07 2 2024-10-30 Class Set Novel
          Teaching Resources KH8 Senior School Library KH8 Senior School Library Staff Office 2024-10-30 1 813.6 WHI CSKHSL000233 2025-07-04 2024-11-07 2024-11-07 3 2024-10-30 Class Set Novel
          Teaching Resources KH8 Senior School Library KH8 Senior School Library Staff Office 2024-10-30 2 813.6 WHI CSKHSL000234 2026-07-03 2025-11-14 2025-11-14 4 2024-10-30 Class Set Novel
          Teaching Resources KH8 Senior School Library KH8 Senior School Library Staff Office 2024-10-30 2 813.6 WHI CSKHSL000235 2026-07-03 2025-11-14 2025-11-14 5 2024-10-30 Class Set Novel

Powered By KH8 IT Dept